000 00763 a2200217 4500
001 57717
005 20260407155837.0
008 260407a1973 arg spa d
003 AR-UNSa-BCEJYS
040 _aAR-UNSa-BCEJYS
_bspa
_cAR-UNSa-BCEJYS
080 _a327
_xRelaciones internacionales. Política internacional. Asuntos internacionales. Política exterior
245 1 0 _aArgentina y Brasil en el sistema de relaciones internacionales
264 1 _aBuenos Aires :
_bEdiciones Nueva Visión
_c1973
300 _a117 p.
_c18 cm.
505 _a1. Aportes a una perspectiva latinoamericana del sistema internacional - 2.
041 _aspa
942 _cBK
590 _aniveau_biblio:m niveau_hierar:0
100 1 _aLafer, Celso
700 1 _aPeña, Félix
999 _c6241
_d6241